[Event "C.to Regionale Sardegna"]
[Site "Capoterra ITA"]
[Date "2012.05.20"]
[Round "2"]
[White "Palmas, Alessandro"]
[Black "Giordano, Giulia"]
[WhiteElo "1823"]
[BlackElo "1545"]
[Result "0-1"]
[PlyCount "58"]
[EventDate "2012.05.19"]

1. Nf3 d5 2. c4 d4 3. d3 Bg4 4. Qa4+ Bd7 5. Qb3 Nc6 6. Bf4 f6 7. e4 e5 8. Bg3
Bc5 9. a3 a5 10. Nbd2 Nge7 11. Rc1 O-O 12. h4 b6 13. Qd1 Ng6 14. h5 Nf4 15.
Bxf4 exf4 16. Nb3 Bg4 17. Nxc5 bxc5 18. Qa4 Ne5 19. Nxe5 fxe5 20. Qb5 Qd6 21.
b4 axb4 22. axb4 cxb4 23. c5 Qa6 24. Qxb4 Rfb8 25. Qd2 Qa3 26. Qc2 Rb2 27. Qc4+
Kh8 28. Be2 Rxe2+ 29. Kf1 Qb2 0-1

[Event "C.to Regionale Sardegna"]
[Site "Capoterra ITA"]
[Date "2012.05.20"]
[Round "2"]
[White "Pitzanti, Matteo"]
[Black "Masala, Diego"]
[WhiteElo "1598"]
[BlackElo "1816"]
[Result "0-1"]
[PlyCount "72"]
[EventDate "2012.05.19"]

1. e4 g6 2. d4 Bg7 3. Nf3 d6 4. c3 Nd7 5. Bd3 e5 6. O-O Ne7 7. Qb3 O-O 8. Be3
Kh8 9. Ng5 Qe8 10. Bc4 d5 11. exd5 Nf5 12. Nf3 e4 13. Ng5 h6 14. Nh3 Nd6 15.
Nd2 Nb6 16. Nf4 g5 17. Nh5 f5 18. Nxg7 Kxg7 19. f4 exf3 20. Rae1 fxg2 21. Kxg2
Nbxc4 22. Nxc4 Qe4+ 23. Kg1 Qg4+ 24. Kh1 Ne4 25. Ne5 Qh5 26. Bf2 Nd2 27. Qc2
Nxf1 28. Rxf1 f4 29. Re1 Bf5 30. Qb3 g4 31. Qxb7 g3 32. Bg1 f3 33. Qxc7+ Kg8
34. Re2 fxe2 35. Kg2 Be4+ 36. Kxg3 e1=Q+ 0-1

[Event "C.to Regionale Sardegna"]
[Site "Capoterra ITA"]
[Date "2012.05.20"]
[Round "2"]
[White "Putzolu, Marcello"]
[Black "Picciau, Marta"]
[WhiteElo "1809"]
[BlackElo "1521"]
[Result "1-0"]
[PlyCount "97"]
[EventDate "2012.05.19"]

1. d4 d5 2. c4 e6 3. a3 c6 4. e3 Bd6 5. Nf3 Nd7 6. Be2 Ngf6 7. Nc3 O-O 8. O-O
Re8 9. Qc2 b6 10. b3 Qc7 11. Bb2 Bb7 12. Rac1 Rac8 13. Qb1 a6 14. b4 dxc4 15.
e4 Be7 16. Bxc4 Qb8 17. Qd3 Qa8 18. e5 Nd5 19. Nxd5 exd5 20. Ba2 Bd8 21. Bb1
Nf8 22. Qf5 Rc7 23. Rc3 Bc8 24. Qc2 Be6 25. Rc1 Bd7 26. Ba2 Ne6 27. Bb1 Nf8 28.
h4 h6 29. Re1 Re6 30. Ba2 Qb7 31. Bb1 Rg6 32. Qe2 Re6 33. Bf5 Re8 34. Bxd7 Rxd7
35. Qc2 Rc7 36. Bc1 Re6 37. Bf4 Ng6 38. Bg3 Rc8 39. Rc1 Be7 40. h5 Nf8 41. Nh4
Bxh4 42. Bxh4 Nh7 43. f4 Ree8 44. Rxc6 Rb8 45. Rc7 Qa8 46. Qf5 Rf8 47. Be7 Rfe8
48. Bd6 f6 49. Qd7 1-0

[Event "C.to Regionale Sardegna"]
[Site "Capoterra ITA"]
[Date "2012.05.20"]
[Round "2"]
[White "Puzzoni, Christian"]
[Black "Sorcinelli, Andrea"]
[WhiteElo "2077"]
[BlackElo "1756"]
[Result "1-0"]
[PlyCount "41"]
[EventDate "2012.05.19"]

1. d4 d5 2. Bg5 h6 3. Bh4 c6 4. Nd2 Bf5 5. f3 Qb6 6. e4 Bh7 7. Bd3 e6 8. Ne2
Be7 9. Bf2 c5 10. O-O c4 11. Bxc4 dxc4 12. Nxc4 Qd8 13. d5 exd5 14. exd5 b5 15.
d6 Nf6 16. dxe7 Qxd1 17. Raxd1 Nc6 18. Nd6+ Kxe7 19. Nxb5 Rhd8 20. Bc5+ Ke6 21.
Nc7+ 1-0

[Event "C.to Regionale Sardegna"]
[Site "Capoterra ITA"]
[Date "2012.05.20"]
[Round "2"]
[White "Toniolo, Massimo"]
[Black "Melis, Daniele"]
[WhiteElo "1785"]
[BlackElo "1615"]
[Result "0-1"]
[PlyCount "100"]
[EventDate "2012.05.19"]

1. e4 c6 2. d4 d5 3. Nc3 dxe4 4. Nxe4 Bf5 5. Ng3 Bg6 6. Nf3 Nd7 7. Bd3 Bxd3 8.
Qxd3 Ngf6 9. O-O e6 10. Bg5 Be7 11. Rfe1 O-O 12. Rad1 Qb6 13. Ne5 Rad8 14. Nxd7
Rxd7 15. Ne4 Qd8 16. Nxf6+ Bxf6 17. Bxf6 Qxf6 18. Rd2 Rfd8 19. Qb3 Qg5 20. Rde2
Rxd4 21. Qxb7 Qh5 22. Qa6 Qb5 23. Qxb5 cxb5 24. f3 Kf8 25. Kf2 Ke7 26. Re4 Rxe4
27. Rxe4 Rd2+ 28. Re2 Rxe2+ 29. Kxe2 Kd6 30. Kd3 Kd5 31. b3 f6 32. c3 g6 33. g3
h6 34. h3 h5 35. a3 g5 36. Ke3 f5 37. f4 g4 38. h4 a5 39. Kd3 Kc5 40. Ke3 Kd5
41. Kd3 Kc5 42. a4 bxa4 43. bxa4 Kd5 44. c4+ Kc5 45. Kc3 e5 46. fxe5 f4 47. e6
Kd6 48. Kd4 fxg3 49. Ke3 Kxe6 50. c5 Kd5 0-1

[Event "C.to Regionale Sardegna"]
[Site "Capoterra ITA"]
[Date "2012.05.20"]
[Round "3"]
[White "Caredda, Giuseppe"]
[Black "Boi, Fausto"]
[WhiteElo "1577"]
[BlackElo "1783"]
[Result "0-1"]
[PlyCount "148"]
[EventDate "2012.05.19"]

1. d4 d5 2. c4 c6 3. Nf3 e6 4. Nc3 Bd6 5. e3 Nf6 6. Bd3 Nbd7 7. O-O O-O 8. Re1
Re8 9. e4 dxe4 10. Nxe4 Nxe4 11. Rxe4 Nf6 12. Rh4 e5 13. Qc2 exd4 14. Bxh7+ Kf8
15. Bd3 Bg4 16. Rh8+ Ke7 17. Rxe8+ Kxe8 18. Nxd4 Bxh2+ 19. Kxh2 Qxd4 20. Be3
Qe5+ 21. Kg1 Kd7 22. Qd2 Rd8 23. Bf4 Qd4 24. Bf5+ Ke8 25. Re1+ Kf8 26. Qxd4
Rxd4 27. Be3 Rxc4 28. Bd3 Ra4 29. Bc5+ Kg8 30. Ba3 Be6 31. Bc2 Rc4 32. Bb3 Re4
33. Rxe4 Nxe4 34. Bc2 Nd2 35. b3 Bd5 36. Bc5 b6 37. Bb4 Ne4 38. f3 Nf6 39. Kf2
a5 40. Bd6 a4 41. Bc7 axb3 42. axb3 b5 43. Ke3 Kf8 44. Kd4 Ke7 45. Ke5 Nd7+ 46.
Kd4 Ke6 47. b4 Bc4 48. g4 f6 49. Bf5+ Ke7 50. Bg3 Bd5 51. f4 Nb6 52. Bh4 Kd6
53. g5 fxg5 54. fxg5 Na4 55. Bg3+ Ke7 56. Be5 Kf7 57. g6+ Kg8 58. Bd6 Nb2 59.
Ke5 Nc4+ 60. Kd4 Nxd6 61. Bd3 Kf8 62. Kc5 Ke7 63. Bc2 Ne4+ 64. Kd4 Ng3 65. Bd3
Kf6 66. Bxb5 Kxg6 67. Kc5 Ne4+ 68. Kd4 Kf5 69. Bc4 Bxc4 70. Kxc4 g5 71. Kd3 Kf4
72. Ke2 g4 73. Kf1 Nc3 74. Kg2 Na2 0-1

[Event "C.to Regionale Sardegna"]
[Site "Capoterra ITA"]
[Date "2012.05.20"]
[Round "3"]
[White "Dessy, Eugenio"]
[Black "Marano, Daniele"]
[WhiteElo "1662"]
[BlackElo "1727"]
[Result "1-0"]
[PlyCount "63"]
[EventDate "2012.05.19"]

1. d4 d5 2. Nf3 Nf6 3. c4 e6 4. g3 dxc4 5. Bg2 c5 6. Qa4+ Bd7 7. Qxc4 Nc6 8.
dxc5 Qa5+ 9. Bd2 Qxc5 10. Na3 Qxc4 11. Nxc4 Nb4 12. O-O Rc8 13. Nfe5 Nbd5 14.
Rfd1 Bb5 15. Rac1 Be7 16. Nd6+ Bxd6 17. Rxc8+ Ke7 18. Ng6+ hxg6 19. Rxh8 Bxe2
20. Re1 Bb5 21. Bg5 Bc6 22. h4 Kd7 23. Bh3 Nh5 24. Bg4 Ndf6 25. Bxh5 Nxh5 26.
g4 Nf6 27. Bxf6 gxf6 28. h5 gxh5 29. gxh5 f5 30. h6 e5 31. h7 e4 32. Rd8+ 1-0

[Event "C.to Regionale Sardegna"]
[Site "Capoterra ITA"]
[Date "2012.05.20"]
[Round "3"]
[White "Giordano, Giulia"]
[Black "Mallo', Danilo"]
[WhiteElo "1545"]
[BlackElo "1921"]
[Result "0-1"]
[PlyCount "54"]
[EventDate "2012.05.19"]

1. d4 d5 2. e3 Nf6 3. Bd3 c5 4. c3 Nbd7 5. Nd2 e5 6. dxe5 Nxe5 7. Bb5+ Bd7 8.
Bxd7+ Qxd7 9. Ndf3 Bd6 10. Nxe5 Bxe5 11. Nf3 Bc7 12. O-O O-O-O 13. b4 c4 14.
Nd4 Ne4 15. Bb2 f5 16. a4 Qd6 17. g3 Qg6 18. Nb5 Bb8 19. a5 a6 20. Nd4 h5 21.
f4 h4 22. Rf3 hxg3 23. Qa4 Rxh2 24. Ra2 Qh6 25. Kf1 Rh1+ 26. Ke2 Qh2+ 27. Rf2
Qxf2# 0-1

[Event "C.to Regionale Sardegna"]
[Site "Capoterra ITA"]
[Date "2012.05.20"]
[Round "3"]
[White "Ibba, Isacco"]
[Black "Altea, Alessandro"]
[WhiteElo "2207"]
[BlackElo "1846"]
[Result "1-0"]
[PlyCount "71"]
[EventDate "2012.05.19"]

1. d4 d5 2. c4 c6 3. Nc3 Nf6 4. Nf3 e6 5. e3 Be7 6. Bd3 Nbd7 7. O-O Qc7 8. cxd5
exd5 9. Qc2 O-O 10. Bd2 Bd6 11. Rfc1 a6 12. Na4 Re8 13. b4 Qd8 14. Nc5 Bb8 15.
a4 Nxc5 16. dxc5 Ne4 17. Be1 Bg4 18. Nd4 Bh5 19. f3 Nf6 20. Bc3 Qc7 21. Nf5
Qxh2+ 22. Kf2 Bxf3 23. Kxf3 Qh5+ 24. g4 Qh3+ 25. Ke2 Nxg4 26. Bd4 Bf4 27. Kd2
g6 28. exf4 gxf5 29. Bxf5 Qh2+ 30. Kc3 Re2 31. Qd3 Rae8 32. Bxg4 Rg2 33. Rh1
Qg3 34. Bf5 Qxf4 35. Rxh7 f6 36. Rah1 1-0

[Event "C.to Regionale Sardegna"]
[Site "Capoterra ITA"]
[Date "2012.05.20"]
[Round "3"]
[White "Lobina, Giulio"]
[Black "Puzzoni, Christian"]
[WhiteElo "1837"]
[BlackElo "2077"]
[Result "0-1"]
[PlyCount "70"]
[EventDate "2012.05.19"]

1. b4 c5 2. bxc5 e5 3. Bb2 Nc6 4. e3 Bxc5 5. Bc4 d5 6. Bb3 Nf6 7. d3 Qe7 8. Ne2
Bg4 9. Nd2 O-O 10. O-O Rad8 11. a4 Rfe8 12. c3 e4 13. d4 Bd6 14. h3 Bh5 15. Qe1
Bb8 16. a5 Nxa5 17. Ba4 Bxe2 18. Qxe2 Qc7 19. g3 Re6 20. Rfc1 Nc4 21. Nxc4 dxc4
22. Bb5 Rb6 23. Ba4 h5 24. h4 Ng4 25. Ba3 Nxf2 26. Qxf2 Rg6 27. Kh1 Rxg3 28.
Qf4 Qc8 29. Qxg3 Bxg3 30. Ra2 Qh3+ 31. Kg1 Bxh4 32. Rcc2 Qxe3+ 33. Kh1 Qh3+ 34.
Kg1 e3 35. Rg2 Rd5 0-1

[Event "C.to Regionale Sardegna"]
[Site "Capoterra ITA"]
[Date "2012.05.20"]
[Round "3"]
[White "Lussu, Andrea"]
[Black "Toniolo, Massimo"]
[WhiteElo "1413"]
[BlackElo "1785"]
[Result "0-1"]
[PlyCount "76"]
[EventDate "2012.05.19"]

1. e4 c5 2. Nf3 e6 3. Bc4 Nc6 4. d3 Qc7 5. Be3 Nf6 6. Nc3 a6 7. Qd2 b5 8. Bb3
Be7 9. Bf4 d6 10. O-O-O Na5 11. e5 Nxb3+ 12. cxb3 Nd7 13. Ne4 Nxe5 14. Nxe5
dxe5 15. Bg5 f6 16. Bh4 O-O 17. g3 Bb7 18. Nc3 Bxh1 19. Rxh1 Rad8 20. f4 c4 21.
bxc4 bxc4 22. Kb1 Rxd3 23. Qe2 Qb7 24. Qe1 Rxc3 25. Rg1 Ba3 26. Qxc3 Qe4+ 27.
Kc1 Bb4 28. Qxb4 Qe3+ 29. Kc2 Qxg1 30. Qxc4 Qxh2+ 31. Kb3 Rb8+ 32. Ka4 Qxb2 33.
Qxe6+ Kh8 34. Qb3 Rxb3 35. axb3 exf4 36. gxf4 Qd4+ 37. b4 g5 38. Be1 Qa1+ 0-1

[Event "C.to Regionale Sardegna"]
[Site "Capoterra ITA"]
[Date "2012.05.20"]
[Round "3"]
[White "Masala, Diego"]
[Black "Depau, Alessandro"]
[WhiteElo "1816"]
[BlackElo "1614"]
[Result "0-1"]
[PlyCount "70"]
[EventDate "2012.05.19"]

1. e4 c6 2. d4 d5 3. e5 Bf5 4. f4 e6 5. Nf3 Nd7 6. g3 c5 7. c3 cxd4 8. cxd4
Bb4+ 9. Bd2 Qb6 10. Bg2 Bd3 11. Nc3 Nh6 12. Bf1 Bxf1 13. Rxf1 Nf5 14. a3 Be7
15. Na4 Qb5 16. Rc1 Nb6 17. Nxb6 axb6 18. g4 Nh4 19. Bc3 Ng2+ 20. Kf2 Nxf4 21.
Rc2 Rc8 22. Kg3 Ng6 23. h4 Qb3 24. Qc1 h5 25. Rcf2 hxg4 26. Ng5 Bxa3 27. Nxf7
Rxh4 28. Nd6+ Bxd6 29. exd6 Rh3+ 30. Kxg4 Rcxc3 31. bxc3 Rxc3 32. Qd2 Rg3+ 33.
Kh5 Rh3+ 34. Kxg6 Qg3+ 35. Qg5 Rh6+ 0-1

[Event "C.to Regionale Sardegna"]
[Site "Capoterra ITA"]
[Date "2012.05.20"]
[Round "3"]
[White "Melis, Daniele"]
[Black "Palmas, Alessandro"]
[WhiteElo "1615"]
[BlackElo "1823"]
[Result "1/2-1/2"]
[PlyCount "87"]
[EventDate "2012.05.19"]

1. d4 Nf6 2. Nf3 g6 3. c4 Bg7 4. Nc3 d6 5. h3 Nbd7 6. e4 O-O 7. Bd3 c6 8. Be3
Qc7 9. O-O a6 10. Re1 Ne8 11. Rc1 Qb6 12. Na4 Qd8 13. Nc3 Nc7 14. Re2 b5 15.
cxb5 cxb5 16. Rec2 Ne6 17. Nd5 Bb7 18. Qd2 Re8 19. Nc7 Nxc7 20. Rxc7 Nc5 21.
R1xc5 dxc5 22. Rxb7 cxd4 23. Bf4 e5 24. Bg5 Qc8 25. Rb6 Qc7 26. Rf6 Rac8 27.
Rxa6 Rb8 28. Qa5 Qxa5 29. Rxa5 b4 30. Bd2 f6 31. Ra4 Bf8 32. b3 Ra8 33. Rxa8
Rxa8 34. Bb1 Kf7 35. Ne1 Ke6 36. Nd3 Rb8 37. f3 f5 38. Kf2 fxe4 39. fxe4 Be7
40. Ke2 h5 41. g3 g5 42. Kf2 Rf8+ 43. Kg2 Rb8 44. Kf2 1/2-1/2

[Event "C.to Regionale Sardegna"]
[Site "Capoterra ITA"]
[Date "2012.05.20"]
[Round "3"]
[White "Mereu, Matteo"]
[Black "Putzolu, Marcello"]
[WhiteElo "1934"]
[BlackElo "1809"]
[Result "1/2-1/2"]
[PlyCount "66"]
[EventDate "2012.05.19"]

1. d4 d5 2. e4 dxe4 3. f3 e5 4. d5 c6 5. Bc4 e3 6. Bb3 Nf6 7. c4 Bb4+ 8. Nc3
Qa5 9. Nge2 O-O 10. Bxe3 h6 11. O-O Bc5 12. Qd3 Bxe3+ 13. Qxe3 cxd5 14. cxd5
Nbd7 15. Rad1 Qc5 16. Qf2 Qxf2+ 17. Kxf2 Nc5 18. Bc2 a5 19. Ng3 Bd7 20. Rfe1
Rfe8 21. Re2 b5 22. Nce4 Nfxe4+ 23. Nxe4 Nxe4+ 24. Bxe4 Rac8 25. Rc2 Rxc2+ 26.
Bxc2 b4 27. d6 Rd8 28. Rd5 Be6 29. Rxa5 Kf8 30. Rxe5 Rxd6 31. Bb3 Bxb3 32. axb3
Rd2+ 33. Re2 Rd3 1/2-1/2

[Event "C.to Regionale Sardegna"]
[Site "Capoterra ITA"]
[Date "2012.05.20"]
[Round "3"]
[White "Moi, Federico"]
[Black "Di Pinto, Vincenzo"]
[WhiteElo "1532"]
[BlackElo "1609"]
[Result "1-0"]
[PlyCount "46"]
[EventDate "2012.05.19"]

1. e4 c5 2. Nf3 Nc6 3. d4 cxd4 4. Nxd4 d6 5. Nc3 Nf6 6. Be2 g6 7. Be3 Bg7 8.
O-O O-O 9. h3 a6 10. a3 Qc7 11. Qd2 Re8 12. Rad1 e5 13. Nxc6 bxc6 14. Qxd6 Qb7
15. b4 Be6 16. Qd2 a5 17. b5 Red8 18. bxc6 Qxc6 19. Bb5 Qc7 20. Bd3 a4 21. Rb1
Bf8 22. Bb6 Qe7 23. Bxd8 Rxd8 1-0

[Event "C.to Regionale Sardegna"]
[Site "Capoterra ITA"]
[Date "2012.05.20"]
[Round "3"]
[White "Murtas, Paolo"]
[Black "Pitzanti, Matteo"]
[WhiteElo "1518"]
[BlackElo "1598"]
[Result "0-1"]
[PlyCount "64"]
[EventDate "2012.05.19"]

1. d4 d5 2. Bg5 Nc6 3. e3 f6 4. Bf4 e5 5. dxe5 fxe5 6. Bg3 Nf6 7. Bb5 Bd6 8.
Nf3 Bg4 9. h3 Bh5 10. Be2 e4 11. Nd4 Bxe2 12. Nxe2 Qd7 13. Bxd6 Qxd6 14. Nbc3
a6 15. Nd4 Ne5 16. Nf5 Qd7 17. Nd4 O-O-O 18. Qe2 h5 19. O-O-O g5 20. Nb3 g4 21.
Nc5 Qc6 22. Nb3 gxh3 23. gxh3 Nf3 24. Nd4 Nxd4 25. Rxd4 Qe6 26. Kb1 c5 27. Rd2
d4 28. exd4 cxd4 29. Na4 Qc6 30. b3 e3 31. Rdd1 Ne4 32. Rhf1 Qxa4 0-1

[Event "C.to Regionale Sardegna"]
[Site "Capoterra ITA"]
[Date "2012.05.20"]
[Round "3"]
[White "Picciau, Marta"]
[Black "Erriu, Giampiero"]
[WhiteElo "1521"]
[BlackElo "1739"]
[Result "1/2-1/2"]
[PlyCount "28"]
[EventDate "2012.05.19"]

1. e4 Nc6 2. d4 d5 3. exd5 Qxd5 4. Nf3 Bg4 5. c3 O-O-O 6. Be2 Nf6 7. O-O h6 8.
Bf4 g5 9. Be3 e6 10. Nbd2 Nd7 11. h3 Bh5 12. b4 f5 13. Nb3 f4 14. Bc1 Nb6
1/2-1/2

[Event "C.to Regionale Sardegna"]
[Site "Capoterra ITA"]
[Date "2012.05.20"]
[Round "3"]
[White "Serra, Emanuele"]
[Black "Corona, Rafaele"]
[WhiteElo "1848"]
[BlackElo "1620"]
[Result "1-0"]
[PlyCount "153"]
[EventDate "2012.05.19"]

1. f4 d5 2. Nf3 Bf5 3. e3 e6 4. d4 Nf6 5. Be2 Bd6 6. O-O O-O 7. c3 Ne4 8. Bd2
c6 9. Be1 Nd7 10. Nbd2 f6 11. Nh4 Nxd2 12. Qxd2 Be4 13. Bd3 Bxd3 14. Qxd3 e5
15. f5 e4 16. Qe2 Nb6 17. Bg3 Nc4 18. b3 Bxg3 19. hxg3 Nd6 20. Kf2 Nf7 21. Rh1
Ng5 22. Rh2 Qe8 23. Rah1 b5 24. Qg4 a5 25. Qf4 Qb8 26. Ng6 Qxf4+ 27. gxf4 hxg6
28. fxg6 Nf7 29. g4 b4 30. cxb4 axb4 31. Kg3 Ra7 32. gxf7+ Kxf7 33. Rc1 Rc8 34.
f5 Ke7 35. Rc5 Kd6 36. Rhc2 Rcc7 37. Rh2 Ra6 38. Kf4 Ke7 39. g5 fxg5+ 40. Kxg5
Kf7 41. Rhc2 Rca7 42. Rxc6 Rxa2 43. Rxa2 Rxa2 44. Rb6 Re2 45. Kf4 Rf2+ 46. Ke5
Rf3 47. Rb7+ Kf8 48. Kxd5 Rxe3 49. Rxb4 Ke7 50. Rb6 Kf7 51. b4 Re1 52. Re6 e3
53. b5 e2 54. b6 Rb1 55. Rxe2 Rxb6 56. Re6 Rb5+ 57. Ke4 g5 58. Rg6 Rb1 59. Rxg5
Re1+ 60. Kd5 Kf6 61. Rh5 Re2 62. Kd6 Ra2 63. d5 Ra6+ 64. Kc7 Ke5 65. f6+ Kd4
66. d6 Ra7+ 67. Kd8 Rf7 68. Rh6 Ke5 69. Ke8 Ke6 70. d7 Rxf6 71. Rxf6+ Kxf6 72.
d8=Q+ Ke6 73. Qa5 Kd6 74. Qf5 Kc7 75. Qe6 Kb8 76. Qd7 Ka8 77. Ke7 1-0

[Event "C.to Regionale Sardegna"]
[Site "Capoterra ITA"]
[Date "2012.05.20"]
[Round "3"]
[White "Sonis, Francesco"]
[Black "Murtas, Gianvito"]
[WhiteElo "1463"]
[BlackElo "1730"]
[Result "0-1"]
[PlyCount "84"]
[EventDate "2012.05.19"]

1. e4 c5 2. Nf3 d6 3. Bc4 e6 4. O-O Nc6 5. Nc3 Nf6 6. d4 cxd4 7. Nxd4 a6 8.
Nxc6 bxc6 9. Be3 Be7 10. a3 O-O 11. Bd3 e5 12. f4 Ng4 13. Bd2 Qb6+ 14. Kh1 Nf2+
15. Rxf2 Qxf2 16. fxe5 dxe5 17. Be1 Qf4 18. Bg3 Qg5 19. Qf1 f5 20. exf5 Bxf5
21. Bc4+ Kh8 22. Qe2 Rad8 23. Ne4 Bxe4 24. Qxe4 Rd4 25. Qe2 Rfd8 26. Rf1 Rd2
27. Qf3 h5 28. h3 Rf8 29. Qb3 Rxf1+ 30. Bxf1 Rd1 31. Qf3 Rxf1+ 32. Qxf1 Qxg3
33. Qf7 Qg5 34. Qe8+ Kh7 35. Qxc6 Qc1+ 36. Kh2 Qf4+ 37. Kh1 e4 38. Qe8 Qf1+ 39.
Kh2 Bd6+ 40. g3 Qf2+ 41. Kh1 Qf3+ 42. Kg1 Bc5+ 0-1

[Event "C.to Regionale Sardegna"]
[Site "Capoterra ITA"]
[Date "2012.05.20"]
[Round "3"]
[White "Sonis, Luca"]
[Black "Marchionni, Daniele"]
[WhiteElo "1548"]
[BlackElo "1395"]
[Result "0-1"]
[PlyCount "64"]
[EventDate "2012.05.19"]

1. e4 e6 2. d4 d5 3. e5 c5 4. c3 Nc6 5. Be2 cxd4 6. cxd4 Bb4+ 7. Nc3 Nge7 8.
Nf3 O-O 9. O-O Nf5 10. Be3 f6 11. exf6 Qxf6 12. Bg5 Qf7 13. a3 Bd6 14. Be3 Nxe3
15. fxe3 Qe8 16. Bb5 Bd7 17. Qe2 Qg6 18. Rf2 Qh6 19. g3 a6 20. Bd3 Bxg3 21.
hxg3 Rae8 22. Qc2 g6 23. Raf1 Qxe3 24. Re1 Qh6 25. Rh2 Qg7 26. Ng5 Qxd4+ 27.
Kg2 Ne5 28. Rd1 Ng4 29. Rd2 Ne3+ 30. Kh1 Nxc2 31. Bxc2 Rf1+ 32. Kg2 Qxd2+ 0-1

[Event "C.to Regionale Sardegna"]
[Site "Capoterra ITA"]
[Date "2012.05.20"]
[Round "3"]
[White "Sorcinelli, Andrea"]
[Black "Cao, Carlo"]
[WhiteElo "1756"]
[BlackElo "1573"]
[Result "1/2-1/2"]
[PlyCount "153"]
[EventDate "2012.05.19"]

1. d4 Nf6 2. Nf3 c5 3. c3 g6 4. Bg5 cxd4 5. cxd4 Bg7 6. Nc3 d5 7. e3 O-O 8. Be2
Bf5 9. O-O e6 10. Bd3 Nbd7 11. Ne5 Qb6 12. Bxf6 Nxf6 13. Bxf5 gxf5 14. Na4 Qd6
15. Qb3 b6 16. Rac1 Rac8 17. Rc2 Rc7 18. Rfc1 Rfc8 19. Rxc7 Rxc7 20. Rxc7 Qxc7
21. Qc3 Qd8 22. Qc6 Qe7 23. a3 Ne4 24. Qc8+ Bf8 25. Nd7 Nd6 26. Qxf8+ Qxf8 27.
Nxf8 Kxf8 28. Nc3 Nc4 29. Nb5 a6 30. Nc7 a5 31. Na8 a4 32. Nc7 Nxb2 33. Nb5 Nc4
34. Nc3 Nxa3 35. Nxa4 b5 36. Nc5 Ke7 37. Kf1 Kd6 38. Ke2 Kc6 39. Kd3 e5 40. Nb3
e4+ 41. Kc3 Kb6 42. Nc5 Nc4 43. Nd7+ Ka5 44. Nc5 Nb6 45. Kb3 Nc4 46. Nb7+ Kb6
47. Nc5 Na5+ 48. Kb4 Nc6+ 49. Kb3 b4 50. Ka4 f4 51. exf4 Nxd4 52. Nd7+ Kc7 53.
Ne5 f6 54. Ng4 f5 55. Nf6 Kc6 56. Kxb4 Ne6 57. g3 Nf8 58. Ne8 Ng6 59. Nf6 h6
60. h4 Ne7 61. Kc3 Kd6 62. Ne8+ Kc5 63. Nf6 d4+ 64. Kd2 Kc4 65. Nd7 d3 66. Ne5+
Kd4 67. g4 fxg4 68. Nxg4 h5 69. Nf6 Nf5 70. Nxh5 Nxh4 71. Ng3 Nf3+ 72. Kd1 Ng1
73. f5 Nh3 74. Ke1 Ke5 75. f6 Kxf6 76. Nxe4+ Ke5 77. Nc5 1/2-1/2

[Event "C.to Regionale Sardegna"]
[Site "Capoterra ITA"]
[Date "2012.05.26"]
[Round "4"]
[White "Altea, Alessandro"]
[Black "Dessy, Eugenio"]
[WhiteElo "1846"]
[BlackElo "1662"]
[Result "1-0"]
[PlyCount "43"]
[EventDate "2012.05.19"]

1. e4 e5 2. Nc3 Nf6 3. Bc4 Nc6 4. d3 Bb4 5. Nge2 h6 6. a3 Ba5 7. O-O O-O 8. Nd5
d6 9. Nxf6+ Qxf6 10. f4 Bb6+ 11. Kh1 Qh4 12. f5 Nd4 13. Nxd4 Bxd4 14. Rf3 c6
15. c3 b5 16. Rh3 Qf6 17. Ba2 Bb6 18. Qg4 d5 19. Bxh6 dxe4 20. dxe4 Re8 21. Bg5
Qd6 22. Qh5 1-0

[Event "C.to Regionale Sardegna"]
[Site "Capoterra ITA"]
[Date "2012.05.26"]
[Round "4"]
[White "Boi, Fausto"]
[Black "Serra, Emanuele"]
[WhiteElo "1783"]
[BlackElo "1848"]
[Result "0-1"]
[PlyCount "114"]
[EventDate "2012.05.19"]

1. e4 Nf6 2. e5 Nd5 3. d4 d6 4. f4 g6 5. Bc4 Nb6 6. Bb3 Bg7 7. Nf3 O-O 8. Be3
Bg4 9. h3 Bf5 10. g4 Bc8 11. Qd2 dxe5 12. fxe5 Nd5 13. Bh6 b5 14. Bxg7 Kxg7 15.
Na3 b4 16. Nc4 a5 17. a3 Bb7 18. Rf1 a4 19. Ba2 Nc6 20. h4 f5 21. Ng5 Bc8 22.
gxf5 Rxf5 23. Rxf5 Bxf5 24. Ne3 Nxe3 25. Qxe3 Nxd4 26. Bb1 Qd5 27. axb4 Qh1+
28. Kd2 Qxh4 29. e6 Qxg5 30. Qxg5 Nf3+ 31. Kc3 Nxg5 32. Kc4 Bxe6+ 33. Kc5 h5
34. Kc6 Ra7 35. c3 Bb3 36. Bd3 Nf3 37. Be2 Ne5+ 38. Kc5 h4 39. Kd4 Nf7 40. Ke4
e5 41. Rh1 g5 42. Bh5 c6 43. Kf5 Bc2+ 44. Ke6 e4 45. Rf1 Bb3+ 46. Kf5 Kh6 47.
Bg4 Re7 48. Kf6 Re5 49. Bd7 Bd5 50. Bxc6 Bxc6 51. Kxf7 Kh5 52. c4 e3 53. Kf6 e2
54. Re1 Re3 55. b5 Bxb5 56. cxb5 Rb3 57. Rxe2 Rxb5 0-1

[Event "C.to Regionale Sardegna"]
[Site "Capoterra ITA"]
[Date "2012.05.26"]
[Round "4"]
[White "Cao, Carlo"]
[Black "Melis, Daniele"]
[WhiteElo "1573"]
[BlackElo "1615"]
[Result "0-1"]
[PlyCount "86"]
[EventDate "2012.05.19"]

1. e4 e5 2. Nf3 Nc6 3. d4 exd4 4. Bc4 Bc5 5. c3 d6 6. cxd4 Bb6 7. Be3 Qf6 8.
Qd3 Nge7 9. Nbd2 h6 10. Nb3 O-O 11. O-O Ng6 12. Ne1 a5 13. Nc2 a4 14. Nc1 Ra5
15. f4 Rh5 16. f5 Nge7 17. Ne2 Qh4 18. Bf4 Nxf5 19. exf5 Bxf5 20. Qd2 Bxc2 21.
Qxc2 Nxd4 22. Nxd4 Bxd4+ 23. Kh1 Be5 24. Bxe5 dxe5 25. g3 Qxg3 26. Rg1 Qe3 27.
Rae1 Qd4 28. Qg2 Rg5 29. Qc2 Rh5 30. Qg6 Rg5 31. Rxg5 hxg5 32. Qc2 Qf4 33. Rf1
Qd4 34. Bd3 Rd8 35. Bh7+ Kf8 36. Rxf7+ Kxf7 37. Qg6+ Kf8 38. Qf5+ Ke7 39. Qxg5+
Kd7 40. Bf5+ Kc6 41. Qxg7 Qd1+ 42. Kg2 Rd2+ 43. Kh3 Qh5+ 0-1

[Event "C.to Regionale Sardegna"]
[Site "Capoterra ITA"]
[Date "2012.05.26"]
[Round "4"]
[White "Carucci, Bruno"]
[Black "Masala, Diego"]
[WhiteElo "1504"]
[BlackElo "1816"]
[Result "0-1"]
[PlyCount "90"]
[EventDate "2012.05.19"]

1. d4 Nf6 2. c4 d6 3. Nf3 g6 4. Nc3 Bg7 5. e3 Nbd7 6. Be2 O-O 7. Bd2 e5 8. dxe5
dxe5 9. O-O h6 10. Rc1 e4 11. Ne1 Ne5 12. f3 Nd3 13. Rc2 Re8 14. fxe4 Nxe1 15.
Qxe1 Nxe4 16. Nxe4 Rxe4 17. Bf3 Re8 18. Bc3 Qd3 19. Rcf2 Bxc3 20. Qxc3 Qxc3 21.
bxc3 c6 22. e4 Be6 23. Be2 a6 24. a3 b5 25. c5 Rad8 26. h3 Rd2 27. Bg4 Rxf2 28.
Kxf2 Bxg4 29. hxg4 Rxe4 30. Rd1 Rc4 31. Rd8+ Kg7 32. Ra8 Rxc5 33. Rxa6 Rxc3 34.
g3 Kf6 35. Ra7 Ke6 36. a4 bxa4 37. Rxa4 Kf6 38. Ra5 Ke6 39. Kg2 Rb3 40. Ra8 Kf6
41. Re8 c5 42. Re4 Rb4 43. Rf4+ Rxf4 44. gxf4 h5 45. Kf3 hxg4+ 0-1

[Event "C.to Regionale Sardegna"]
[Site "Capoterra ITA"]
[Date "2012.05.26"]
[Round "4"]
[White "Corona, Rafaele"]
[Black "Sonis, Francesco"]
[WhiteElo "1620"]
[BlackElo "1463"]
[Result "1-0"]
[PlyCount "69"]
[EventDate "2012.05.19"]

1. e4 e5 2. Nf3 Nc6 3. Bc4 Bc5 4. c3 Nf6 5. d4 exd4 6. cxd4 Bb4+ 7. Nc3 Bxc3+
8. bxc3 Nxe4 9. d5 Ne7 10. Qd3 Nd6 11. O-O h6 12. Bf4 Nxc4 13. Qxc4 d6 14. Rab1
O-O 15. Nd4 Ng6 16. Bg3 a6 17. f4 Re8 18. Qd3 Qf6 19. Qd2 h5 20. f5 Ne5 21. Bf4
Qe7 22. Bg5 f6 23. Bf4 Qf7 24. Ne6 b6 25. Bxe5 dxe5 26. Rf3 Bxe6 27. dxe6 Qe7
28. Rg3 Red8 29. Qh6 Rd6 30. Qxh5 Qe8 31. Qg4 Qe7 32. Rh3 g6 33. Qxg6+ Qg7 34.
Qh5 Kf8 35. Rg3 1-0

[Event "C.to Regionale Sardegna"]
[Site "Capoterra ITA"]
[Date "2012.05.26"]
[Round "4"]
[White "Depau, Alessandro"]
[Black "Murtas, Gianvito"]
[WhiteElo "1614"]
[BlackElo "1730"]
[Result "0-1"]
[PlyCount "74"]
[EventDate "2012.05.19"]

1. d4 Nf6 2. Bg5 b6 3. Nc3 Bb7 4. f3 e6 5. e4 Be7 6. Bd3 d6 7. Nge2 Nbd7 8. Qd2
O-O 9. O-O-O c5 10. h4 Rc8 11. dxc5 dxc5 12. Bc4 Ne5 13. Qf4 Qc7 14. Nb5 Qb8
15. Bxf6 Bxf6 16. Nd6 Nxc4 17. Nxc4 Qxf4+ 18. Nxf4 Ba6 19. Nd6 Rcd8 20. Nh5 Be5
21. Nxf7 Kxf7 22. f4 Bc7 23. e5 Be2 24. Rxd8 Rxd8 25. Ng3 Bg4 26. Ne4 c4 27. h5
h6 28. Nf2 Be2 29. Rh3 b5 30. b3 Rd4 31. g3 Bb6 32. c3 Rd7 33. Ne4 Rd1+ 34. Kb2
Be3 35. Rh2 Bd3 36. Nd6+ Kf8 37. Nxb5 Bc1+ 0-1